000 00649nam a22001937a 4500
003 BD-DhUL
005 20170508191859.0
008 160822s1995 bg ||||| |||| 000 0 b d
020 _a9848088288
040 _aBD-DhUL
_cBD-DhUL
082 _a891.443
_bSAG
100 1 _aছফা, আহমদ ।
245 1 0 _aগাভী বিত্তান্ত /
_cআহমদ ছফা ।
260 _aকলিকাতা :
_bসন্দেশ,
_c১৯৯৫ ।
300 _a১১৭ [১১৮] পৃ. ;
_c২২ সেমি ।
650 0 _aবাংলা উপন্যাস।
650 0 _aBengali - Fiction.
942 _2ddc
_cBK
999 _c194714
_d194714